Normal view MARC view

Entry Topical Term

Number of records used in: 1

001 - CONTROL NUMBER

  • control field: 764

003 - CONTROL NUMBER IDENTIFIER

  • control field: HDC

005 - DATE AND TIME OF LATEST TRANSACTION

  • control field: 20230624073103.0

008 - FIXED-LENGTH DATA ELEMENTS

  • fixed length control field: 201220|| aca||aabn | a|a d

040 ## - CATALOGING SOURCE

  • Original cataloging agency: HDC
  • Transcribing agency: HDC

150 ## - HEADING--TOPICAL TERM

  • Topical term or geographic name entry element: Beverage industry
  • Geographic subdivision: Malaysia

670 ## - SOURCE DATA FOUND

  • Source citation: Work cat.: (HDC): Annual Serial Landmark International Conferences on Quality of Life ASEAN-Turkey ASLI QoL2015 The Akmani Hotel, Jakarta, Indonesia) (25-27 April 2015 : 763, Relevance of Regulatory Policies in Governing Adherence to Halal Concept in the Design of Food Premises in Malaysia /, 2016
Halal Development Corporation Berhad (HDC)
5.02 Level 5, KPMG Tower, First Avenue, Persiaran Bandar Utama, 47800 Petaling Jaya, Selangor Darul Ehsan
Phone: +603 7965 5489 Email: [email protected]